000 00797nam a2200241 i 4500
003 DO-SdBNP
005 20230904120754.0
007 ta
008 110413s2022 dr o 6 000 j spa d
040 _aDO-SdBNP
_bspa
_cBNPHU
_erda
082 _axxxx
_bC735
_222
245 0 0 _aComo preparar bloques multinutricionales para animales rumiantes :
_bcuaderno popular educativo /
264 1 _aSanto Domingo :
_bCEPROS,
_c2022.
300 _a11 páginas
_c28 cm.
_bfotografías
336 _2rdacontent
_atexto
_btxt
337 _2rdamedia
_asin mediación
_bn
338 _2rdacarrier
_avolumen
_bnc
490 1 _aCuaderno Popular Educativo
_v15
590 _aInventariado, 2023/ YL
710 1 _aCentro de Estudios y Promoción Social, Inc. (CEPROS)
_984048
910 _aYLockward
942 _2ddc
_cLF2
999 _c54610
_d54610